000 00552nam a2200193Ia 4500
008 210719s2019 xx 000 0 und d
020 _a0-19-948942-4
041 _aeng
082 _a915.304 AHAC
100 _aAHAMED (Muzafer V)
245 _aCamels in the sky:travels in Arabia Tr by Mathew P J
260 _aNew Delhi
_bOxford University Press
_c2019
300 _axv,188
_bPB
365 _b595
_cRs
650 _aTravel
650 _aTravel
700 _aKrishnan, Mini
906 _aArabia ; by ; Camels ; J ; Mathew ; P ; sky:travels ; Tr
999 _c211759
_d211759